Sistema de Préstamo de la Financiera Jimenez / Jorge Luis Array Suárez, María Adalgiza Hernández Gómez (Registro nro. 19493)
[ vista simple ]
| 000 -LEADER | |
|---|---|
| fixed length control field | 00843nam a2200253Ia 4500 |
| 001 - CONTROL NUMBER | |
| control field | 21011 |
| 003 - CONTROL NUMBER IDENTIFIER | |
| control field | DO-CoUTE |
| 005 - DATE AND TIME OF LATEST TRANSACTION | |
| control field | 20260204212455.0 |
| 008 - FIXED-LENGTH DATA ELEMENTS--GENERAL INFORMATION | |
| fixed length control field | 220102s9999 dr 000 0 spa d |
| 040 ## - CATALOGING SOURCE | |
| Original cataloging agency | DO-CoUTE |
| Language of cataloging | spa |
| Transcribing agency | DO-CoUTE |
| 041 0# - LANGUAGE CODE | |
| Language code of text/sound track or separate title | spa |
| 090 ## - LOCALLY ASSIGNED LC-TYPE CALL NUMBER (OCLC); LOCAL CALL NUMBER (RLIN) | |
| Classification number (OCLC) (R) ; Classification number, CALL (RLIN) (NR) | IT-2008-008 |
| 100 1# - MAIN ENTRY--PERSONAL NAME | |
| Personal name | Array Suárez, Jorge Luis |
| 245 10 - TITLE STATEMENT | |
| Title | Sistema de Préstamo de la Financiera Jimenez / Jorge Luis Array Suárez, María Adalgiza Hernández Gómez |
| 260 ## - PUBLICATION, DISTRIBUTION, ETC. | |
| Place of publication, distribution, etc. | Cotui, República Dominicana : UTECO |
| 300 ## - PHYSICAL DESCRIPTION | |
| Extent | 56 páginas |
| 502 ## - DISSERTATION NOTE | |
| Dissertation note | Tesis (Licenciatura en Informatica) |
| 650 #4 - SUBJECT ADDED ENTRY--TOPICAL TERM | |
| Topical term or geographic name entry element | Informatica |
| 700 1# - ADDED ENTRY--PERSONAL NAME | |
| Personal name | Hernández Gómez, María Adalgiza |
| 830 0# - SERIES ADDED ENTRY--UNIFORM TITLE | |
| Uniform title | Tesis y disertaciones académicas (Universidad Tecnológica del Cibao Oriental) |
| 942 ## - ADDED ENTRY ELEMENTS (KOHA) | |
| Source of classification or shelving scheme | |
| Koha item type | Tesis |
| Withdrawn status | Lost status | Source of classification or shelving scheme | Damaged status | Not for loan | Collection code | Home library | Current library | Date acquired | Inventory number | Total Checkouts | Full call number | Barcode | Date last seen | Copy number | Price effective from | Koha item type |
|---|---|---|---|---|---|---|---|---|---|---|---|---|---|---|---|---|
| Préstamo Interno | Trabajos de Grado e Investigación | Biblioteca UTECO | Biblioteca UTECO | 01/02/2021 | IT-2008-008 | IT-2008-008 | IT-2008-008 | 03/30/2022 | Ej.1 | 01/02/2021 | Tesis |
